Ressenya dels treballs del segon curs : 1916-1917 : Noves investigacions / Arxiu d'Etnografia i Folklore de Catalunya 1916-1917 :
Descripción Física:
26 p. ; 25'5 cm
MARC
| LEADER | 00000nam a2200000Ia 4500 | ||
|---|---|---|---|
| 001 | 10294 | ||
| 003 | BGR | ||
| 005 | 20260410113707.0 | ||
| 008 | 160829s1917 xx 000 0 cat d | ||
| 080 | |a RF-7-36 | ||
| 110 | 2 | |9 70404 |a Arxiu d'Etnografia i Folklore de Catalunya | |
| 245 | |a Ressenya dels treballs del segon curs : |b 1916-1917 : |b Noves investigacions / Arxiu d'Etnografia i Folklore de Catalunya | ||
| 260 | |a Barcelona : |b [l'Arxiu], |c 1917 | ||
| 300 | |a 26 p. ; |c 25'5 cm | ||
| 650 | |a Arxiu d'Etnografia i Folklore de Catalunya |x Memòries |9 37052 | ||
| 856 | 4 | |u https://media.diba.cat/diba/fitxers/arxiu/fulletons/bib_10294_1917_baixa.pdf |y Accés lliure | |
| 856 | 4 | |u https://media.diba.cat/diba/fitxers/arxiu/fulletons/bib_10294_1917_baixa.pdf |y Accés lliure | |
| 900 | |a bib_10294_1917_baixa.pdf | ||
| 901 | |a Arxiu | ||
| 942 | |n 1 |2 udc |c MON | ||
| 952 | |0 0 |1 0 |4 0 |6 RF736 |7 1 |9 47623 |a Arxiu |b Arxiu |d 2016-12-01 |l 0 |o RF-7-36 |p 10294 |r 2016-12-01 00:00:00 |w 2016-12-01 |y ARXIU | ||
| 999 | |c 51422 |d 51422 | ||